000 00352nam a2200145Ia 4500
008 200103s9999||||xx |||||||||||||| ||und||
020 _a0340190779,
040 _aIMU-MPC
082 _aColumn-47
100 _aKempster, M. H. A.
245 0 _aMaterials for Engineers
260 _bHodder and Stoughton, London
_c1976
300 _ax, 245
942 _cBK
999 _c9479
_d9479